00577nam a22001817a 450000500170000001000150001702000280003203500130006003700130007308200150008610000160010124501070011725000110022426000300023527000830026530000270034850000200037520150429120033.0 aENG-112441 a9789351433903c650.00  aEN-95973 bDBAD/PUB a346.540482 aAhuja, V.K. aLaw of copyright and neighbouring rights : cby V.K. Ahujabnational and international perspectives /  a2nd ed aGurgaonbLexisNexisc2015 a14th Floor, Building No.10, Tower-B,DLF Cyber City, Phase-II,bGurgaone122002 axxxvi,539p.c23cm(pbk) aIncludes index